| 000 | 00689nam a2200217Ia 4500 | ||
|---|---|---|---|
| 005 | 20230209143552.0 | ||
| 008 | 131103s9999 xx 000 0 und d | ||
| 020 |
_a300091397 _cRs 1336 |
||
| 040 | _aLoreto College | ||
| 041 | _aEnglish | ||
| 082 |
_a820.9 _bLIU |
||
| 245 |
_aOld English literature _b critical essays _cEdited by R.M. Liuzza |
||
| 260 |
_aNew Haven and London _bYale University Press _c2002 |
||
| 300 | _axxxviii,479p | ||
| 504 | _aIncludes bibliographical references and index | ||
| 650 | _aEnglish Literature - History and Criticism | ||
| 651 | _aOld English literature - History and Criticism | ||
| 700 | _aLiuzza, R.M., ed | ||
| 850 | _aLCLIB | ||
| 942 | _cBK | ||
| 999 |
_c20217 _d70696 |
||